Ngân sách nhà nước Việt Nam quyết toán năm 2002 và dự toán năm 2004 = Vietnam state budget final accounts for 2002 and plan for 2004
محفوظ في:
| التنسيق: | كتاب |
|---|---|
| اللغة: | Undetermined |
| منشور في: |
Hà Nội
Tài Chính
2005
|
| الموضوعات: | |
| الوسوم: |
إضافة وسم
لا توجد وسوم, كن أول من يضع وسما على هذه التسجيلة!
|
| Thư viện lưu trữ: | Trung tâm Học liệu Trường Đại học Cần Thơ |
|---|
| LEADER | 00626nam a2200181Ia 4500 | ||
|---|---|---|---|
| 001 | CTU_108477 | ||
| 008 | 210402s9999 xx 000 0 und d | ||
| 082 | |a 657.3 | ||
| 082 | |b Ng121 | ||
| 245 | 0 | |a Ngân sách nhà nước Việt Nam quyết toán năm 2002 và dự toán năm 2004 = | |
| 245 | 0 | |b Vietnam state budget final accounts for 2002 and plan for 2004 | |
| 245 | 0 | |c Bộ Tài Chính | |
| 260 | |a Hà Nội | ||
| 260 | |b Tài Chính | ||
| 260 | |c 2005 | ||
| 650 | |a Managerial accounting,Managerial economics | ||
| 904 | |i Giang | ||
| 980 | |a Trung tâm Học liệu Trường Đại học Cần Thơ | ||